<?xml version="1.0" encoding="UTF-8"?>
<collection xmlns:xsi="http://www.w3.org/2001/XMLSchema-instance" xsi:schemaLocation="http://www.loc.gov/MARC21/slim http://www.loc.gov/standards/marcxml/schema/MARC21slim.xsd" xmlns="http://www.loc.gov/MARC21/slim">
 <record>
  <leader>00000nam a22000004a 4500</leader>
  <controlfield tag="001">UP-8027390931311653610</controlfield>
  <controlfield tag="003">Buklod</controlfield>
  <controlfield tag="005">20250627112706.0</controlfield>
  <controlfield tag="006">m    |o  d |      </controlfield>
  <controlfield tag="007">ta</controlfield>
  <controlfield tag="008">250224s2024    xxu     r    |||| u|eng d</controlfield>
  <datafield tag="040" ind1=" " ind2=" ">
   <subfield code="a">DARC</subfield>
   <subfield code="e">rda</subfield>
  </datafield>
  <datafield tag="041" ind1=" " ind2=" ">
   <subfield code="a">eng</subfield>
  </datafield>
  <datafield tag="090" ind1=" " ind2=" ">
   <subfield code="a">LG 993.5 2024 A7</subfield>
   <subfield code="b">F35</subfield>
  </datafield>
  <datafield tag="100" ind1="1" ind2=" ">
   <subfield code="a">Fajardo, Gabriel Richard F.</subfield>
   <subfield code="e">author.</subfield>
  </datafield>
  <datafield tag="245" ind1="1" ind2="0">
   <subfield code="a">Tipon</subfield>
   <subfield code="b">a community-generative Naga City Civic Center &amp; People’s Park</subfield>
   <subfield code="c">Gabriel Richard F. Fajardo ; Simoun T. Ong, adviser.</subfield>
  </datafield>
  <datafield tag="264" ind1=" " ind2="0">
   <subfield code="a">Quezon City</subfield>
   <subfield code="b">College of Architecture, University of the Philippines Diliman</subfield>
   <subfield code="c">June 2024.</subfield>
  </datafield>
  <datafield tag="300" ind1=" " ind2=" ">
   <subfield code="a">134 leaves, 44 unnumbered folded leaves of plates</subfield>
   <subfield code="b">illustrations (some color)</subfield>
   <subfield code="c">28 cm.</subfield>
  </datafield>
  <datafield tag="336" ind1=" " ind2=" ">
   <subfield code="a">text</subfield>
   <subfield code="2">rdacontent</subfield>
  </datafield>
  <datafield tag="337" ind1=" " ind2=" ">
   <subfield code="a">unmediated</subfield>
   <subfield code="2">rdamedia</subfield>
  </datafield>
  <datafield tag="338" ind1=" " ind2=" ">
   <subfield code="a">volume</subfield>
   <subfield code="2">rdacarrier</subfield>
  </datafield>
  <datafield tag="500" ind1=" " ind2=" ">
   <subfield code="a">Include appendices</subfield>
  </datafield>
  <datafield tag="502" ind1=" " ind2=" ">
   <subfield code="a">Thesis (Bachelor of Science in Architecture) -- University of the Philippines Diliman</subfield>
   <subfield code="d">June 2024.</subfield>
  </datafield>
  <datafield tag="520" ind1="3" ind2=" ">
   <subfield code="a">Naga City in Camarines Sur is a first-class independent component city found at the heart of&#13;
Bicol Region that serves as the region’s center of trade, business, religion, culture, industry,&#13;
commerce, medicine, education, and finance. With the city’s significance in the entire region&#13;
due to its centrality comes various problems especially regarding its urban environment.&#13;
Naga City primarily lacks both public usable spaces and green open spaces as the relatively&#13;
small centrality has become a concrete jungle due to its rapid urbanization. Thus, this&#13;
architectural project aims to address these pressing issues by designing the Naga City Civic&#13;
Center &amp; People’s Park, which would serve as a community hub providing public and&#13;
community spaces for leisure, recreation, &amp; cultural activities for the people of Naga,&#13;
providing quality of life improvements to the community around it. The project’s unique&#13;
architectural solution of designing a civic space with community enhancing facilities may&#13;
further serve as a framework for many areas with similar contexts and problems.</subfield>
  </datafield>
  <datafield tag="650" ind1=" " ind2="0">
   <subfield code="a">Public spaces</subfield>
   <subfield code="z">Naga City (Camarines Sur)</subfield>
  </datafield>
  <datafield tag="650" ind1=" " ind2="0">
   <subfield code="a">Civic centers</subfield>
   <subfield code="z">Naga City (Camarines Sur)</subfield>
  </datafield>
  <datafield tag="650" ind1=" " ind2="0">
   <subfield code="a">Parks</subfield>
   <subfield code="z">Naga City (Camarines Sur)</subfield>
  </datafield>
  <datafield tag="700" ind1="1" ind2=" ">
   <subfield code="a">Ong, Simoun T.</subfield>
   <subfield code="e">thesis adviser.</subfield>
  </datafield>
  <datafield tag="842" ind1=" " ind2=" ">
   <subfield code="a">Thesis</subfield>
  </datafield>
  <datafield tag="905" ind1=" " ind2=" ">
   <subfield code="a">FI</subfield>
  </datafield>
  <datafield tag="852" ind1="0" ind2=" ">
   <subfield code="a">UPD</subfield>
   <subfield code="b">DARC</subfield>
   <subfield code="h">LG 993.5 2024 A7</subfield>
   <subfield code="i">F35</subfield>
  </datafield>
  <datafield tag="942" ind1=" " ind2=" ">
   <subfield code="a">Thesis</subfield>
  </datafield>
 </record>
</collection>
